| 000 | 01279nam2a22002651 4500 | ||
|---|---|---|---|
| 001 | RU\NLR\INFOCOMM10\1000202932 | ||
| 005 | 20260406102239.0 | ||
| 035 | _a(NLR Aleph) 002459661 | ||
| 090 |
_a2240328 _c2240328 |
||
| 100 | _a20040324d1911 |||y0rusy50 ca | ||
| 101 | 0 | _arus | |
| 102 | _aRU | ||
| 105 | _ay ||||||||| | ||
| 200 | 1 |
_aТысячная книга 7059 года _fЛихачев, Н.П. и Мятлев, Н.В. |
|
| 210 |
_d1911 _aБ. м. |
||
| 461 | 0 |
_1001RU\NLR\INFOCOMM10\1000202908 _12001#$aЛетопись Историко-родословного общества в Москве$vГ.7 1911, Вып.3/4(27/28) _92240274 _aИсторико-родословное общество (Москва) _cМ. _d1905-1915, 1993 - _tЛетопись Историко-родословного общества в Москве _vГ.7 1911, Вып.3/4(27/28) |
|
| 700 | 1 |
_4070 _8rus _7ca _aЛихачев _bН. П. _f1862-1936 _gНиколай Петрович _3RU\NLR\AUTH\7783375 _966303 |
|
| 701 | 1 |
_4070 _7ca _8rus _aМятлев _bН. В. _f1872-1929 _gНиколай Владимирович _9249742 _3RU\NLR\AUTH\770249798 |
|
| 801 | 1 |
_aRU _bInfoComm _c20040324 |
|
| 801 | 0 |
_aRU _bNLR _gPSBO |
|
| 852 |
_aNLR _j2/859 |
||
| 942 | _cISSUE | ||
| 980 | _aNB | ||
| 980 | _aRUSPER | ||